Sindicato magisterial en México / coord María Eulalia Benavides y Guillermo Velasco

Na minha lista:
Detalhes bibliográficos
Formato: Livro
Assuntos:
Tags: Adicionar Tag
Sem tags, seja o primeiro a adicionar uma tag!

MARC

LEADER 00000nam^a2200000^u^4500
001 000546139
005 20250521000000.0
008 060220s1000^^^^^^^^^^^^r^^^^^000^0^spa^d
009 20260310131404.58
022 |a 9706090231 
035 |a FMI 000015671 
037 |a Acervo Xavier Clavigero 
096 |a 8.9/73/D 
245 0 0 |a Sindicato magisterial en México / coord María Eulalia Benavides y Guillermo Velasco 
264 |a México : Instituto Proposiciones Estratégicas, 1992 
300 |a 303 p. 
336 |a texto  |b txt  |2 rdacontenido 
337 |a sin mediación  |b n  |2 rdamedio 
338 |a volumen  |b nc  |2 rdasoporte 
649 |a XX 
650 |a SINDICATOS MAGISTERIALES 2. CIENCIAS JURIDICAS 
910 |a Fondo Francisco Migoya Covarrubias S.J. 
920 |a Impresos - Libros 
930 |a Fondos Especiales 
905 |a 134 
901 |a SBC22883  |b IT2  |c ESP  |u 20250521 
902 |a https://opac.biblio.iteso.mx/vufind/Record/000546139